Arabic Vocab - Most Frequent 101-200 - Random - Statistics

General Stats
  • This quiz has been taken 102 times
  • The average score is 13 of 25
Answer Stats
Hint Answer % Correct
طِفل child
100%
مَدينة city
100%
ساعة hour, time, clock
100%
الآن now
100%
سَلام peace
100%
سَبَب reason, cause
100%
شَيخ sheikh
100%
اِبن son
100%
ثَلاثة three
100%
كَلِمة word
100%
إسلامي Islamic
89%
كِتاب book
88%
ثُم then, afterwards
88%
شو what
88%
أرض earth, ground
86%
فِلَسطيني Palestinian
86%
هُنا here
83%
بَيت house
83%
ناس people
83%
مَكان place
83%
طَريق road, way
83%
صَوت voice, sound
83%
وَجه face
80%
عِراقي Iraqi
80%
عَشَرة ten
78%
أخَذ to take
78%
أهل family, relatives, folks
75%
أُمّ mother, mom
75%
اللي that, which
75%
ألف thousand
75%
جِدّاً very
75%
دون without
75%
عين eye
67%
قَلب heart
67%
رَبّ lord, master
67%
عَدَد number
67%
حَرب war
67%
طَيَّب good, nice
63%
مُنذ since, ago
60%
بَل but, rather
50%
شَهر month
50%
مُشكِلة problem
50%
هُم them
50%
بَدَأ to begin
50%
جاء to come
50%
وَجَد to find
50%
راح to go
50%
عاد to return
50%
عَمِل to work, make
50%
حُكومة government, administration
45%
دوَلي international
44%
آه yes
44%
لَن will not
43%
أيضاً also
40%
شَرِكة company
40%
خَير good, goodness
40%
يَد hand
40%
شَعب people, nation
40%
خاص special, private
40%
أصبَح to become
40%
أراد to want
40%
صاحِب owner
38%
حَول around, about
33%
حَرَكة movement, motion
33%
بَرنامَج program
33%
ذات self
33%
تِلك that
33%
وَصَل to arrive
33%
صار to become, happen
33%
شاء to want, desire
33%
الَّذين who, whom
33%
مَشروع project, enterprise
30%
سَيَّد sir
30%
وَطَنيّ national, nationalistic
29%
شَكل manner, form
25%
صورة picture
25%
سياسي political
25%
عِندَما when
25%
حَدّ limit, boundary
22%
لَدَى with, by, at
22%
عَمَليَّة operation, process
20%
حال state, situation, condition
20%
إيه yes
20%
أمّا as for, concerning
17%
أمام front
17%
نِسبة rate
17%
سَمِع to hear
17%
سَ will
17%
ها here!
14%
إنّ indeed
13%
أكَّد to confirm, emphasize
13%
قام to rise, stand up, carry out
13%
مَجلِس council, board
0%
عَدَم lack of
0%
أكبَر largest, greatest
0%
بَس only
0%
نِظام regime
0%
دَور role
0%
وَضع situation, status
0%
عَنى to mean, imply
0%
No matching quizzes found
Score Distribution
Percent of People with Each Score
Percentile by Number Answered
Your Score History
You have not taken this quiz